000 00553nam a2200157 a 4500
008 120416s1975 ||||||||||||||||| || u
050 _aHD 20.5 Bei
100 _aBeilby, Michael Harry
245 1 0 _aEconomics and operational research
260 _aLondon
_bPitman Publishing
_c[1975]
300 _ax, 174p.
350 _a0.00
650 0 _aECONOMICS
650 _aECONOMIC RESEARCH OPERATIONS
995 _D0.00
_FCBU-MAIN LIBRARY (Kitwe)
_H1
_I0.00
_M1
_UAVAILABLE
_ZAnnex Low-Usage Collection
999 _c40974
_d40974